|
|
|
|
| LEADER |
00000nab#a22000007a#4500 |
| 001 |
arbauad029850 |
| 003 |
AR-BaUAD |
| 005 |
20250711112417.0 |
| 008 |
980206|||||||||###||||||b###|0###a|spa|| |
| 040 |
|
|
|a AR-BaUAD
|c AR-BaUAD
|b spa
|
| 100 |
|
|
|a Prinzing, Debra
|
| 245 |
|
|
|a Tim Girvin Design /
|c Debra Prinzing;
|
| 300 |
0 |
|
|b fot.
|
| 653 |
|
|
|a DISEÑO GRAFICO
|
| 653 |
|
|
|a ESTUDIOS PROFESIONALES
|
| 653 |
|
|
|a ESTADOS UNIDOS
|
| 653 |
|
|
|a SEATTLE
|
| 653 |
|
|
|a WASHINGTON
|
| 653 |
|
|
|a TIM GIRVIN DESIGN
|
| 653 |
|
|
|a EJERCICIO PROFESIONAL
|
| 653 |
|
|
|a ADMINISTRACION
|
| 653 |
|
|
|a PACKAGING
|
| 653 |
|
|
|a PAGINAS WEB
|
| 653 |
|
|
|a FOLLETOS
|
| 653 |
|
|
|a IMAGEN CORPORATIVA
|
| 773 |
0 |
|
|t HOW
|g [dic. 1997], p. 116-123
|
| 942 |
|
|
|c ARTI
|
| 952 |
|
|
|0 0
|1 0
|4 0
|7 0
|9 74769
|a AR-BAuAD
|b AR-BAuAD
|d 2025-07-11
|l 0
|p AAQA029850
|r 2025-07-11 11:24:17
|w 2025-07-11
|y ARTI
|
| 990 |
|
|
|a DG199
|b TD
|
| 998 |
|
|
|a AAQ
|b BIBUN76
|
| 999 |
|
|
|c 54442
|d 54442
|